| 000 | 00371nam a22001457a 4500 | ||
|---|---|---|---|
| 999 |
_c15572 _d15572 |
||
| 003 | OSt | ||
| 008 | 190516b ||||| |||| 00| 0 eng d | ||
| 020 | _a9788177546132 | ||
| 082 |
_a635 _bPRA/TE |
||
| 100 |
_aPrasad _94052 |
||
| 245 | _aA textbook of production technology of vegetables and flowers | ||
| 260 |
_aJodhpur _bAgrobios _c2016 |
||
| 300 | _a390 p. | ||
| 942 | _cBK | ||